| 000 | 00933cam a22002417a 4500 | ||
|---|---|---|---|
| 999 |
_c6734 _d6734 |
||
| 005 | 20200701143507.0 | ||
| 008 | 001120t1997 ck abco 000 0dspa | ||
| 020 | _a9583005045 | ||
| 040 |
_aCO-JMCR _cCO-JMCR |
||
| 082 | 0 | 4 |
_a910.92 / _bC112c _223 |
| 100 | 1 |
_aCaballero, Beatriz. _96383 |
|
| 245 | 1 | 0 |
_aAgustín Codazzi : _bgeógrafo / _cBeatriz Caballero ; ilustraciones, Silvia Gómez. |
| 250 | _aPrimera edición | ||
| 260 |
_aSantafé de Bogotá, D.C., Colombia : _bColciencias : _bPanamericana Editorial, _c1997. |
||
| 300 |
_a76 páginas : _bilustraciones, mapas, fotografías, retratos a color y blanco y negro ; _c28 cm. |
||
| 440 | 0 |
_aColciencias. _96384 |
|
| 500 | _3Incluye datos biográficos en tapa posterior. | ||
| 650 | 1 | 4 |
_y1793-1859 _96385 |
| 650 | 2 | 4 |
_zColombia _96386 |
| 650 | 2 | 4 | _96387 |
| 700 |
_aGómez, Silvia, _96388 |
||